000 01134nam a22003377a 4500
003 CHAP
005 20220329134429.0
008 971013s1985 r 00010 d
010 _a20380
011 _a21352
035 _a25442
040 _cCHAP
082 _a323.354
_bD5
100 0 0 _aDixon-Mueller, Ruth.
_933067
245 _aWomen's work in third world agriculture
_b: conceps and indicators
260 _aGeneva :
_bInternational Labour Office,
_c1985
300 _a151 p.
490 _aWomen, work and development
_v; 9
590 _aBATCH-UPD
_b10
_c20130110
_lUCH01
_h0245
590 _aBATCH-UPD
_b10
_c20130110
_lUCH01
_h2010
590 _aBATCH-UPD
_b10
_c20130410
_lUCH01
_h1329
590 _aBATCH-UPD
_b10
_c20130914
_lUCH01
_h0827
590 _aCONVERSION
_b10
_c20130109
_lUCH01
_h1312
650 1 4 _aAgricultura
_xTrabajadores.
_91840
650 1 4 _aCampesinado
_xPaĆ­ses subdesarrollados.
_918031
650 1 4 _aMujer en comunidades rurales.
_979360
830 0 _aWomen, work and development
_v; 9
_9122484
901 _aBK
942 _cLIBRO
949 _a323.354 D5
_bBC
_cLIBRO
_d33724000298790
_eLIBRO
_h69773
_i25442
_si
999 _c20380
_d20380